Т. 2; Экономика

Библиографические подробности
Источник:Экономика: учебное пособие/ П. А. Самуэльсон (Сэмуэлсон).— , 1997
Язык:русский
Опубликовано: 1997
Предметы:
Формат: Книга
Запись в KOHA:https://koha.lib.tpu.ru/cgi-bin/koha/opac-detail.pl?biblionumber=3069

MARC

LEADER 00000nam0a2200000 4500
001 3069
005 20231101204305.0
035 |a (RuTPU)RU\TPU\book\3084 
035 |a BOOK00003092 
090 |a 3069 
100 |a 20011209d1997 m y0rusy50 ca 
101 1 |a rus  |c eng 
102 |a RU 
105 |a a j 000zy 
200 0 |a Т. 2 
210 |d 1997 
215 |a 413 с.  |c ил. 
461 |t Экономика  |o учебное пособие  |o пер. с англ.  |f П. А. Самуэльсон (Сэмуэлсон)  |d 1997 
606 1 |a Теоретическая экономика  |2 stltpush  |3 (RuTPU)RU\TPU\subj\37043  |9 58208 
610 1 |a экономика 
610 1 |a национальный продукт 
610 1 |a ценообразование 
610 1 |a международная торговля 
610 1 |a международные финансы 
610 1 |a экономический рост 
610 1 |a спрос 
610 1 |a предложение 
610 1 |a доходы 
610 1 |a экономическое равновесие 
610 1 |a финансы 
610 1 |a учебные пособия 
686 |a У011я73  |v LBC/SL-A  |2 rubbk 
801 0 |a RU  |b 63413507  |c 20011209  |g PSBO 
801 2 |a RU  |b 63413507  |c 20220526  |g PSBO 
900 |a Экономика 
942 |c BK